| Tag |
First Indicator |
Second Indicator |
Subfields |
| LEADER |
00000cam a22000001a 4500 |
| 001 |
in00002782431 |
| 006 |
m||||||||d|||||||| |
| 007 |
cr |n||||||||| |
| 008 |
121203s2012 txu ob s001 0beng d |
| 005 |
20250816205710.6 |
| 020 |
|
|
|a 0292744528 (electronic bk.)
|
| 020 |
|
|
|a 9780292744523 (electronic bk.)
|
| 020 |
|
|
|z 0292719647 (cloth : alk. paper)
|
| 020 |
|
|
|z 9780292719644 (cloth : alk. paper)
|
| 035 |
|
|
|a (NhCcYBP)ebr10629548
|
| 035 |
|
|
|a (OCoLC)ocn823739182
|
| 040 |
|
|
|a NhCcYBP
|c NhCcYBP
|d UtOrBLW
|
| 043 |
|
|
|a n-us---
|a n-us-tx
|
| 050 |
|
4 |
|a F391.4.R53
|b R45 2012eb
|
| 082 |
0 |
4 |
|a 976.4/063092
|a B
|2 23
|
| 086 |
|
|
|a Z UA380.8 R272LE
|2 txdocs
|
| 100 |
1 |
|
|a Reid, Jan.
|
| 245 |
1 |
0 |
|a Let the people in :
|b the life and times of Ann Richards /
|c by Jan Reid ; research assistance by Shawn Morris.
|
| 250 |
|
|
|a 1st ed.
|
| 264 |
|
1 |
|a Austin :
|b University of Texas Press,
|c 2012.
|
| 300 |
|
|
|a 1 online resource (xxiii, 467 pages) :
|b illustrations
|
| 336 |
|
|
|a text
|b txt
|2 rdacontent
|
| 337 |
|
|
|a computer
|b c
|2 rdamedia
|
| 338 |
|
|
|a online resource
|b cr
|2 rdacarrier
|
| 504 |
|
|
|a Includes bibliographical references and index.
|
| 588 |
|
|
|a Description based on print version record.
|
| 500 |
|
|
|a Electronic resource.
|
| 600 |
1 |
0 |
|a Richards, Ann,
|d 1933-2006.
|
| 650 |
|
0 |
|a Governors
|z Texas
|v Biography.
|
| 650 |
|
0 |
|a Politicians
|z United States
|v Biography.
|
| 610 |
2 |
0 |
|a Democratic Party (U.S.)
|v Biography.
|
| 651 |
|
0 |
|a Texas
|x Politics and government
|y 1951-
|
| 655 |
|
7 |
|a Electronic books.
|2 local
|
| 700 |
1 |
|
|a Morris, Shawn,
|d 1962-
|
| 710 |
2 |
|
|a ebrary, Inc.
|
| 776 |
1 |
8 |
|c Original
|z 0292719647
|z 9780292719644
|z 0292744528
|w (DLC) 2012016118
|
| 856 |
4 |
0 |
|u https://ebookcentral.proquest.com/lib/tamucs/detail.action?docID=3443635
|y Connect to the full text of this electronic book
|t 0
|
| 948 |
|
|
|a cataloged
|b h
|c 2014/7/29
|d c
|e jlanham
|f 12:30:16 pm
|
| 999 |
f |
f |
|s 3ad79c41-d8e1-3654-8b9c-cfd4e3940ff0
|i 919ee0a5-0f33-3d71-9da5-61cf4b5ca904
|t 0
|
| 999 |
|
|
|a MARS
|
| 952 |
f |
f |
|a Texas A&M University
|b College Station
|c Electronic Resources
|d Available Online
|t 0
|e F391.4.R53 R45 2012eb
|h Library of Congress classification
|
| 998 |
f |
f |
|a F391.4.R53 R45 2012eb
|t 0
|l Available Online
|